00241 a2200097 450000100060000008200230000610000180002924500330004726000530008030000100013370683 a808.8954910520 IFT aIftikhar Arif aPakistani Literature (Vol-7) aIslamabadbThe Pakistan Academy of lettersc2002 a264 p